10 biggest Cities - Washington - Statistics

General Stats
  • This quiz has been taken 29 times
  • The average score is 6 of 10
Answer Stats
Inhabitants City % Correct
733.199 Seattle
100%
229.071 Spokane
88%
219.205 Tacoma
81%
192.169 Vancouver
69%
149.440 Bellevue
63%
110.812 Everett
50%
105.905 Spokane Valley
38%
99.037 Federal Way
31%
134.835 Kent
25%
105.179 Renton
25%
No matching quizzes found
Score Distribution
Percent of People with Each Score
Percentile by Number Answered
Your Score History
You have not taken this quiz